| 000 | 00348 a2200145 4500 | ||
|---|---|---|---|
| 001 | 167756 | ||
| 020 | _a | ||
| 040 | _cMagnum | ||
| 100 | _aJorge, Leila | ||
| 240 | 1 | 0 |
_aInovacao curricular: alem da mudanca dos conteudos _lpor |
| 245 | 1 | 0 | _aInovacao curricular: alem da mudanca dos conteudos |
| 362 | 0 | _a1899 | |
| 697 | _aENSINO | ||
| 942 | _cBK | ||
| 999 |
_c167756 _d167756 |
||